| 000 -LEADER |
| fixed length control field |
00843nam a22002657a 4500 |
| 001 - CONTROL NUMBER |
| control field |
7287 |
| 003 - CONTROL NUMBER IDENTIFIER |
| control field |
BD-DhUAP |
| 005 - DATE AND TIME OF LATEST TRANSACTION |
| control field |
20200226145747.0 |
| 008 - FIXED-LENGTH DATA ELEMENTS--GENERAL INFORMATION |
| fixed length control field |
200226s2008 mauabe b 000 0 eng d |
| 020 ## - INTERNATIONAL STANDARD BOOK NUMBER |
| International Standard Book Number |
0674830407 |
| 040 ## - CATALOGING SOURCE |
| Original cataloging agency |
DLC |
| Transcribing agency |
TxU-Da |
| Modifying agency |
BD-DhUAP |
| Language of cataloging |
Eng |
| 082 ## - DEWEY DECIMAL CLASSIFICATION NUMBER |
| Edition number |
23 |
| Classification number |
720.9 GIE |
| 100 1# - MAIN ENTRY--PERSONAL NAME |
| Personal name |
Giedion, S. |
| 9 (RLIN) |
32320 |
| 245 10 - TITLE STATEMENT |
| Title |
Space, time, and architecture : |
| Remainder of title |
the growth of a new tradition / |
| Statement of responsibility, etc. |
Sigfried Giedion. |
| 260 ## - PUBLICATION, DISTRIBUTION, ETC. |
| Place of publication, distribution, etc. |
Cambridge : |
| Name of publisher, distributor, etc. |
Harvard University Press, |
| Date of publication, distribution, etc. |
c1982. |
| 300 ## - PHYSICAL DESCRIPTION |
| Extent |
xxii, 778 pages : |
| Other physical details |
illustrations ; |
| Dimensions |
25 cm. |
| 440 ## - SERIES STATEMENT/ADDED ENTRY--TITLE |
| Title |
The Charles Eliot Norton lectures for, 1938-1939. |
| 504 ## - BIBLIOGRAPHY, ETC. NOTE |
| Bibliography, etc. note |
Bibliographical footnotes. |
| 526 ## - STUDY PROGRAM INFORMATION NOTE |
| Program name |
ARC |
| 650 #0 - SUBJECT ADDED ENTRY--TOPICAL TERM |
| Topical term or geographic name entry element |
Architecture |
| General subdivision |
History. |
| 9 (RLIN) |
32321 |
| 650 #0 - SUBJECT ADDED ENTRY--TOPICAL TERM |
| Topical term or geographic name entry element |
City planning. |
| 9 (RLIN) |
32322 |
| 942 ## - ADDED ENTRY ELEMENTS (KOHA) |
| Source of classification or shelving scheme |
|
| Koha item type |
Book |